|
|
|
|
| LEADER |
00000nam0a2200000 4500 |
| 001 |
197636 |
| 005 |
20231101224752.0 |
| 010 |
|
|
|a 9785911345068
|
| 035 |
|
|
|a (RuTPU)RU\TPU\book\215589
|
| 090 |
|
|
|a 197636
|
| 100 |
|
|
|a 20110615d2011 m y0rusy50 ca
|
| 101 |
0 |
|
|a rus
|
| 102 |
|
|
|a RU
|
| 105 |
|
|
|a a j 001zy
|
| 200 |
1 |
|
|a История российского туризма (IX - XX вв.)
|e учебное пособие
|f А. А. Иванов
|
| 210 |
|
|
|a Москва
|c Форум
|d 2011
|
| 215 |
|
|
|a 320 с.
|c ил.
|
| 225 |
1 |
|
|a Высшее образование
|
| 320 |
|
|
|a Библиогр.: с. 271-283.
|
| 330 |
|
|
|a В книге подробно рассмотрены основные этапы становления и развития туристско-экскурсионной деятельности в России, как на общегосударственном, так и региональном уровне. Выявлены характерные черты и различия между развитием туризма в условиях существования различных политических режимов от Киевской Руси до Советского Союза. На основе авторской периодизации истории российского туризма и за счет привлечения большого количества источников и научной литературы рельефно показана эволюция внутренних и внешних путешествий на разных этапах отечественной истории. Книга рекомендуется студентам высших учебных заведений, а также всем интересующимся историей России.
|
| 606 |
1 |
|
|a Туризм
|x Экономика
|2 stltpush
|3 (RuTPU)RU\TPU\subj\53770
|9 71935
|
| 610 |
1 |
|
|a туристическая деятельность
|
| 610 |
1 |
|
|a история
|
| 610 |
1 |
|
|a Древняя Русь
|
| 610 |
1 |
|
|a путешествия
|
| 610 |
1 |
|
|a путешественники
|
| 610 |
1 |
|
|a новые земли
|
| 610 |
1 |
|
|a открытия
|
| 610 |
1 |
|
|a 9 век
|
| 610 |
1 |
|
|a 10 век
|
| 610 |
1 |
|
|a 11 век
|
| 610 |
1 |
|
|a 12 век
|
| 610 |
1 |
|
|a 13 век
|
| 610 |
1 |
|
|a 14 век
|
| 610 |
1 |
|
|a 15 век
|
| 610 |
1 |
|
|a 16 век
|
| 610 |
1 |
|
|a 17 век
|
| 610 |
1 |
|
|a 18 век
|
| 610 |
1 |
|
|a 19 век
|
| 610 |
1 |
|
|a 20 век
|
| 610 |
1 |
|
|a туристская политика
|
| 610 |
1 |
|
|a экскурсионная работа
|
| 610 |
1 |
|
|a советский туризм
|
| 610 |
1 |
|
|a тесты
|
| 610 |
1 |
|
|a учебные пособия
|
| 686 |
|
|
|a У9(2)43я73
|v LBC/SL-A
|2 rubbk
|
| 700 |
|
1 |
|a Иванов
|b А. А.
|g Андрей Александрович
|
| 801 |
|
1 |
|a RU
|b 63413507
|c 20110615
|
| 801 |
|
2 |
|a RU
|b 63413507
|c 20121219
|g RCR
|
| 900 |
|
|
|a История туристской деятельности
|
| 942 |
|
|
|c BK
|
| 959 |
|
|
|a 61/20110615
|d 1
|e 299,90
|f ЧЗГЛ:1
|